| 000 -LEADER |
| fixed length control field |
00608nam a2200229 a 4500 |
| 001 - CONTROL NUMBER |
| control field |
013340795 |
| 003 - CONTROL NUMBER IDENTIFIER |
| control field |
UkOxU |
| 005 - DATE AND TIME OF LATEST TRANSACTION |
| control field |
20230914115035.0 |
| 008 - FIXED-LENGTH DATA ELEMENTS--GENERAL INFORMATION |
| fixed length control field |
960708s1996 enk 000 0 eng d |
| 015 ## - NATIONAL BIBLIOGRAPHY NUMBER |
| National bibliography number |
GB 96-54965 |
| 020 ## - INTERNATIONAL STANDARD BOOK NUMBER |
| International Standard Book Number |
0413702308 |
| 020 ## - INTERNATIONAL STANDARD BOOK NUMBER |
| International Standard Book Number |
9780413702302 |
| 035 ## - SYSTEM CONTROL NUMBER |
| System control number |
BNB2398.703 |
| 040 ## - CATALOGING SOURCE |
| Transcribing agency |
KH8 |
| 082 0# - DEWEY DECIMAL CLASSIFICATION NUMBER |
| Classification number |
822.914 JIM |
| Edition number |
20 |
| 100 1# - MAIN ENTRY--PERSONAL NAME |
| Personal name |
Cartwright, Jim, |
| Dates associated with a name |
1958- |
| Relator term |
author. |
| 245 10 - TITLE STATEMENT |
| Title |
Plays 1 / |
| Statement of responsibility, etc. |
Jim Cartwright. |
| 260 ## - PUBLICATION, DISTRIBUTION, ETC. |
| Place of publication, distribution, etc. |
London : |
| Name of publisher, distributor, etc. |
Methuen Drama, |
| Date of publication, distribution, etc. |
1996. |
| 300 ## - PHYSICAL DESCRIPTION |
| Extent |
vii, 269 p. ; |
| Dimensions |
18 cm. |
| 505 1# - FORMATTED CONTENTS NOTE |
| Formatted contents note |
Road; Bed; Two; The rise and fall of little voice |
| 942 ## - ADDED ENTRY ELEMENTS (KOHA) |
| Source of classification or shelving scheme |
|
| Koha item type |
Teaching Resources |